000 00899nam a2200265 a 4500
001 72327
003 BD-RjUL
005 20211209082240.0
008 170516s1944 enka 001 0 und d
035 _a(BD-RjUL)72544
040 _aEQO
_cEQO
_beng
_dBD-RjUL
041 _aeng
082 _223
_a537
_bBEE 1944
100 1 _aBeauchamp, Wilbur Lee.
_9213889
245 1 0 _aElectricity for beginners :
_ba self-teaching course, a special edition of basic electricity /
_cby W.I. Beauchamp and J.C. Mayfield.
260 _aMadison :
_bU. S. Armed Forces,
_cc1944.
300 _avi, 458 p. :
_bill. ;
_c18 cm.
490 _aWar Department education manual ;
_vEM 416.
500 _aIncludes index.
650 _aElectricity
_9213890
650 _aElectrical engineering
_9213891
700 1 _aMayfield, J. C.
_9213892
830 0 _aWar Department education manual ;
_vEM 416.
_9151428
942 _2ddc
_cBK
999 _c72327
_d72327